000 00426nam a2200181Ia 4500
001 24158
005 20260414151025.0
008 260414t2009||||xx |||||||||||||| ||spa||
041 _aESP
082 _a790.0135
_bG26
100 _aGarrido Gil. Pablo
_eAUT
245 0 _aTiempo libre y educación
_b
260 _c2009
300 _a154 páginas :
_c19 cm.
650 _aABD
654 _aCAU
942 _cLIB
_dJUS
_fJUS
_2ddc
_n
999 _c24158
_d24158